1756 1534 1988 1427 1635 1190 1044 1809 1709 1719 1602 1636 1629 1611 1140 1498 1069 1265 1167 1294 1996 1689 1782 1336 1739 1080 1069 1993 1699 1747 1913 1735 1275 1038 1693 1245 1818 1729 1430 1089 1120 1509 1885 1889 1104 1423 1879 2000 1159 1597 1371 1541 1776 1787 1334 1374 1045 1645 1384 1514 1168 1506 1096 1201 1544 1107 1640 1102 1918 1621 1765 1707 1878 1740 1884 1751 1192 1098 1763 1544 1097 1221 1299 1152 1212 1470 1769 1788 1528 1909 1782 1463 1918 1262 1862 1987 1457 1696 1532 BCNSPRNW ULIB Ver.6.0+V

เปลี่ยนเป็นภาษาไทย

Change to English
 แสดงรายละเอียดบรรณานุกรม
  กลับหน้าหลัก

Brief Record : Get Marc (ISO 2709) : E-mail record : QR code < ปิดหน้าต่าง
LEADER : 00000nam 2200000uu 4500
001    13399129084
003     ULIB
008    250716s2565||||th 000 0 tha d
020    ^a9786165937764
060 0  ^aWM420^bล966ก
100 1  ^aโลสเกน, ชารอน
245 1  ^aกระบวนการซาเทียร์ : ^bทักษะปฏิบัติสำหรับนักบำบัด^c/ ชารอน โลสเกน, ผู้เขียน ; นาตาลี ฉันทะกุล, ผู้แปล.
250    ^aพิมพ์ครั้งที่ 1.
260    ^aกรุงเทพฯ :^bวีรณาเพรส,^c2565.
300    ^a263 หน้า.
505 0  ^aทักษะปฎิบัติสำหรับนักบำบัด -- ขั้นตอนที่ 1 การสร้างการเชื่อมโยง -- ขั้นตอนที่ 2 การรับรู้คุณค่า -- ขั้นตอนที่ 3 การสร้างการตระหนักรู้ -- ขั้นตอนที่ 4 การส่งเสริมการยอมรับ -- ขั้นตอนที่ 5 การสร้างการเปลี่ยนแปลง -- ขั้นตอนที่ 6 การเสริมพลังการเปลี่ยนแปลง.
505 0  ^aทักษะปฏิบัติสำหรับนักบำบัด -- ขั้นตอนที่ 1 การสร้างการเชื่อมโยง (Making Contact) -- ขั้นตอนที่ 2 การรับรู้คุณค่า (Validating) -- ขั้นตอนที่ 3 การสร้างการตระหนักรู้ (Facilitating Awareness) -- ขั้นตอนที่ 4 การส่งเสริมการยอมรับ (Promoting Acceptance) -- ขั้นตอนที่ 5 การสร้างการเปลี่ยนแปลง (Making Changes) -- ขั้นตอนที่ 6 การเสริมพลังการเปลี่ยนแปลง (Reinforcing Changes) -- ตัวอย่างสุดท้าย (Final Example) -- สรุปภาพรวม (Overall Summary) -- ภาพผนวก (Appendices) -- หนังสืออ้างอิง (Sources) -- เกี่ยวกับผู้เขียน -- หนังสือแนะนำ เขียนโดย ชารอน โลสเกน -- เดอะ เวอร์จิเนีย ซาเทียร์โกลบอล เน็ทเวิร์ค (VSGN) -- เกี่ยวกับผู้แปล
505 2  ^aทักษะปฏิบัติสำหรับนักบำบัด -- การสร้างการเชื่อมโยง -- การรับรู้คุณค่า -- การสร้างการตระหนักรู้ -- การส่งเสริมการยอมรับ -- การสร้างการเปลี่ยนแปลง -- การเสริมพลังการเปลี่ยนแปลง
650  4 ^aความตระหนักในศักยภาพตน
650  4 ^aจิตบำบัด
650  7 ^aจิตบำบัดครอบครัว
650  7 ^aจิตเวชศาสตร์
700 0  ^aนาตาลี ฉันทะกุล
945    ^p495^l0^i011802
945    ^p495^l0^i011804
945    ^p495^l0^i011805
945    ^p495^l0^i011806
945    ^p495^l0^i011807
999    ^aประนอม เกษจรัล
รายการนี้ยังไม่มีแท็ก
คุณยังไม่ได้ล็อกอิน คุณสามารถมีกิจกรรมร่วมกับเว็บไซต์ได้ แต่ต้องล็อกอินก่อน ::
  ล็อกอิน

รายการสื่อสารสนเทศ

ลำดับที่ ประเภท เลขเรียก/บาร์โค้ด สถานที่ สถานะ
1. วิทยาศาสตร์การแพทย์ และสุขภาพ
หนังสือสำรอง
สถานะ=หนังสือสำรอง
WM420 ล966ก ฉ.1 
  Barcode: 011802
ห้องสมุดวิทยาเขตสวรรค์ประชารักษ์
►หนังสือทั่วไป
บนชั้น
2. วิทยาศาสตร์การแพทย์ และสุขภาพ
วิทยาศาสตร์การแพทย์ และสุขภาพ
WM420 ล966ก ฉ.2 
  Barcode: 011804
ห้องสมุดวิทยาเขตสวรรค์ประชารักษ์
►หนังสือทั่วไป
บนชั้น
3. วิทยาศาสตร์การแพทย์ และสุขภาพ
วิทยาศาสตร์การแพทย์ และสุขภาพ
WM420 ล966ก ฉ.3 
  Barcode: 011805
ห้องสมุดวิทยาเขตสวรรค์ประชารักษ์
►หนังสือทั่วไป
บนชั้น
4. วิทยาศาสตร์การแพทย์ และสุขภาพ
วิทยาศาสตร์การแพทย์ และสุขภาพ
WM420 ล966ก ฉ.4 
  Barcode: 011806
ห้องสมุดวิทยาเขตสวรรค์ประชารักษ์
►หนังสือทั่วไป
บนชั้น
5. วิทยาศาสตร์การแพทย์ และสุขภาพ
วิทยาศาสตร์การแพทย์ และสุขภาพ
WM420 ล966ก ฉ.5 
  Barcode: 011807
ห้องสมุดวิทยาเขตสวรรค์ประชารักษ์
►หนังสือทั่วไป
บนชั้น

รายการใกล้เคียง
    หัวเรื่อง [จิตบำบัด]
    หัวเรื่อง [จิตบำบัดครอบครัว]
    หัวเรื่อง [จิตเวชศาสตร์]

BibComment


ยังไม่เคยถูกคอมเมนท์

คอมเมนท์ทรัพยากรรายการนี้
  คอมเมนท์: กระบวนการซาเทียร..


 Copyright 2026. Bcnsprnw @Library